000 00488nam a2200181 a 4500
001 1775557145497
003 YourLibrary
005 20260407155043.0
008 260407s2006##################000#0#eng##
020 _a9780737734225
082 0 4 _a355.033GER
100 1 _aGerdes, Louise I.,
_eauthor.
245 1 0 _aRogue Nations :
260 _bGreenhaven Press, Incorporated,
_c2006.
650 0 _aSecurity, International.
942 _cENGLISH
040 _aYourLibrary
_beng
_cYourLibrary
999 _c618975
_d618975